Recent Advancement in Soil Behavior, in Situ Test Methods, Pile Foundations, and Modeling : Selected Papers from the 2009 GeoHunan International Conference /

Bibliographic Details
Other Authors: Ali, Liaqat, Correia, Antonio Comes, Yang, Junsheng, Tao, Mingjiang
Format: eBook
Published: Reston, VA : American Society of Civil Engineers, 2009.
Series:Geotechnical Special Publications.
Subjects:
Online Access:Connect to the full text of this electronic book

MARC

Tag First Indicator Second Indicator Subfields
LEADER 00000cam a22000005u 4500
001 in00002786976
005 20190331170705.0
006 m o d
007 cr nn 008mam|a
008 090717t2009 gw fo || 0 0 |||||
020 |a 9780784410448 
035 |a (American Society of Civil Eng)10.1061/9780784410448 
040 |d UtOrBLW 
245 0 0 |a Recent Advancement in Soil Behavior, in Situ Test Methods, Pile Foundations, and Modeling :  |b Selected Papers from the 2009 GeoHunan International Conference /  |c Edited by Liaqat Ali, Antonio Comes Correia, Junsheng Yang, Mingjiang Tao. 
264 1 |a Reston, VA :  |b American Society of Civil Engineers,  |c 2009. 
300 |a 1 online resource. 
336 |a text  |b txt  |2 rdacontent 
337 |a computer  |b c  |2 rdamedia 
338 |a online resource  |b cr  |2 rdacarrier 
490 1 |a Geotechnical Special Publications 
500 |a Electronic resource. 
653 |a Proceedings  |a Geo-Institute (G-I)  |a Geotechnics  |a Foundations  |a Soil and rock mechanics  |a Site investigation and analysis  |a Tunnels and underground construction  |a Available in Print 
655 7 |a Electronic books.  |2 local 
700 1 |a Ali, Liaqat. 
700 1 |a Correia, Antonio Comes. 
700 1 |a Yang, Junsheng. 
700 1 |a Tao, Mingjiang. 
730 0 |a ASCE Library. 
830 0 |a Geotechnical Special Publications. 
856 4 0 |u http://proxy.library.tamu.edu/login?url=http://ascelibrary.org/action/showBook?doi=10.1061%2F9780784410448  |z Connect to the full text of this electronic book  |t 0 
999 |a MARS 
999 f f |s 02ce3bfd-572f-3e7b-8714-b07655b5dc35  |i 55fdcf75-6cfa-35c0-8593-08f0bcc58fc1  |t 0 
952 f f |a Texas A&M University  |b College Station  |c Electronic Resources  |d Available Online  |t 0  |h No information provided 
998 f f |t 0  |l Available Online